Philippine Government Agencies - Statistics

General Stats
  • This quiz has been taken 1,929 times
  • The average score is 9 of 15
Answer Stats
Hint Answer % Correct
DepEd Department of Education
99%
DOH Department of Health
98%
DOLE Department of Labor and Employment
87%
DOJ Department of Justice
81%
DSWD Department of Social Welfare and Development
76%
DPWH Department of Public Works and Highways
72%
DENR Department of Environment and Natural Resources
69%
DA Department of Agriculture
63%
DILG Department of Interior and Local Government
60%
DOF Department of Finance
55%
DOTC Department of Transportation and Communication
32%
DECS Department of Education, Culture and Sports
26%
PAGCOR Philippine Amusement and Gaming Corporation
18%
TESDA Technical Education and Skills Development Authority
13%
PAGASA Philippine Atmospheric and Geophysical Astronomical Service Administration
1%
No matching quizzes found
Score Distribution
Percent of People with Each Score
Percentile by Number Answered
Your Score History
You have not taken this quiz